LEADER 01888nam2 2200457 450 001 000013636 005 20150302110340.0 010 $a0-674-99100-1$bAmerican ISBN 010 $a0-434-99090-6$bEnglish ISBN 100 $a20030523d1980----km-y0itay0103----ba 101 2 $agrc$aeng 102 $aUS$aGB 200 1 $aAnabasis$ebooks I-VII$fXenophon$gwith an English translation by Carleton L. Brownson 210 $aCambridge, Massachusetts$cHarvard University Press$aLondon$c<> Heinemann$d1980 215 $aXVI, 635 p. [1] carta di tav.$cill.$d17 cm 225 2 $a<> Loeb classical library 300 $aTraduzione inglese con testo greco a fronte 410 0$12001$a<> Loeb classical library 461 1$1001000013632$12001$aXenophon$vvol. 3 500 11$aAnabasis / Xenophon$917569 676 $a935.05$v(22. ed.)$9Storia della Mesopotamia e altopiano iranico fino al 637. Periodo dell'impero persiano, 539-332 a.C 700 0$aXenophon$f<427/26 ca.- 353 a.C.>$075253 702 1$aBrownson,$bCarleton L. 801 0$aIT$bUniversità della Basilicata - B.I.A.$gREICAT$2unimarc 912 $a000013636 996 $aAnabasis$917569 997 $aUNIBAS CAT $aSTD022$b01$c20030523$lBAS01$h1033 CAT $c20050601$lBAS01$h1755 CAT $abatch$b01$c20050718$lBAS01$h1051 CAT $c20050718$lBAS01$h1111 CAT $c20050718$lBAS01$h1141 CAT $c20050718$lBAS01$h1155 CAT $aATR$b20$c20060713$lBAS01$h1520 CAT $aATR$b40$c20141106$lBAS01$h0956 CAT $aATR$b00$c20141124$lBAS01$h0907 CAT $aEXT013$b01$c20141124$lBAS01$h0907 CAT $aBATCH-UPD$b01$c20141215$lBAS01$h1720 CAT $aEXT013$b01$c20150302$lBAS01$h1103 FMT Z30 -1$lBAS01$LBAS01$mBOOK$1BASA1$APolo Storico-Umanistico$2GEN$BCollezione generale$3Class/1141$614686$5L14686$820030523$f02$FPrestabile Generale LEADER 02174nam0 22004933i 450 001 RML0057025 005 20231121125653.0 020 $aIT$b1938 6975 100 $a19960806d1938 ||||0itac50 ba 101 | $aita$cita 102 $ait 181 1$6z01$ai $bxxxe 182 1$6z01$an 200 1 $aVitruvio$fFrancesco Pellati 210 $aRoma$cEdizioni Roma$d1938 215 $a98 p., 6 p. di tav.$cill.$d20 cm. 225 | $aRes Romanae 410 0$1001CUB0030953$12001 $aRes Romanae 500 10$aVitruvio$3UM10215826$9RAVV029660$93617184 606 $aVitruvio Pollione, Marco . De Architectura$2FIR$3RMLC458959$9N 676 $a720$9Architettura.$v22 700 0$aVitruvius Pollio$3CFIV072607$4070$08237 702 1$aPellati$b, Francesco$3RAVV029660$4340 790 1$aVitruvio Pollione$b, Marco$3CFIV129017$zVitruvius Pollio 790 1$aVitruvio$b, M.$3CFIV131454$zVitruvius Pollio 790 0$aVitruve$3CFIV149701$zVitruvius Pollio 790 1$aVitruvius Pollio$b, Marcus$3CFIV149702$zVitruvius Pollio 790 0$aVitruvio Pollione$3CFIV201618$zVitruvius Pollio 790 0$aVitruvio$3CFIV212526$zVitruvius Pollio 790 0$aVitruvius$3CFIV315950$zVitruvius Pollio 790 1$aPollio$b, Marcus Vitruvius$3SBNV038371$zVitruvius Pollio 790 1$aVitruvius Pollio$b, Lucius$3SBNV038372$zVitruvius Pollio 801 3$aIT$bIT-01$c19960806 850 $aIT-RM0290 $aIT-RM0418 $aIT-RM0285 $aIT-FR0084 $aIT-FR0017 899 $aBIBLIOTECA ANGELICA$bRM0290 899 $aBIBLIOTECA ACCADEMIA NAZ. DEI LINCEI E CORSINIANA$bRM0418 899 $aBiblioteca Dell'Istituto Nazionale Di Studi Romani$bRM0285 899 $aBiblioteca Del Monumento Nazionale Di Montecassino$bFR0084 899 $aBiblioteca umanistica Giorgio Aprea$bFR0017 $eN 912 $aRML0057025 950 0$aBiblioteca umanistica Giorgio Aprea$d 52DLM B /Vitr. /1$e 52DUP0009047005 VMB RS $fA $h20201106$i20201106 977 $a 06$a 10$a 13$a 25$a 52 996 $aVitruvio$93617184 997 $aUNICAS